000 00774nam a2200229Ia 4500
001 17746
003 GE_BSU
008 181216s||||||||xx |||||||||||||| ||und||
020 _a9789941434143
040 _cGE_BSU
080 _a572.02+574.2:572
100 _aლომთათიძე,ნინო., ალასანია,ნარგიზ
245 _aანთროპოეკოლოგია
245 _cრედ.: ქეთევან დოლიძე
260 _aბათუმი
260 _bშოთა რუსთაველის სახ. უნ-ტი
260 _c2012
300 _a265გვ.ილ.20სმ.
300 _eბიბლ.გვ.262-263
653 _aანთროპოეკოლოგია
942 _cBK
999 _c50794
_d50794